| 000 | 01003nas a2200289 4500 | ||
|---|---|---|---|
| 001 | BR0705780 | ||
| 003 | BR-BrBNA | ||
| 005 | 20231205111200.0 | ||
| 007 | ta | ||
| 008 | 230509b bl.|||p| |||| 00| 00por d | ||
| 040 |
_aBR-BrBNA _bpor _cBiblioteca Nacional de Agricultura |
||
| 041 | _a(Pt) | ||
| 072 | _aL73 | ||
| 100 | 1 | _aGermano, P.M.L. | |
| 100 | 1 | _aMiguel, O. | |
| 100 | 1 | _aChamelet, E.L.B. | |
| 100 | 1 | _aMorita, L.T.M. de S. | |
| 245 | 1 | _aEstudo comparativo entre as técnicas de coloração de sellers, imunofluorescência direta e inoculação em camundongos aplicadas ao diagnostico laboratorial da raiva canina | |
| 650 | _aDOENÇA ANIMAL | ||
| 650 | _aIMUNOFLUORESCENCIA | ||
| 650 | _aCÃO | ||
| 650 | _aRAIVA | ||
| 650 | _aIMUNIZACAO | ||
| 773 | 0 |
_tRevista da Faculdade de Medicina Veterinária e Zootecnia da Universidade de São Paulo (Brazil) _xISSN 0303-7525 _g(1977), v. 14(1) p. 133-141 _wBR0705780 |
|
| 909 |
_a202311 _bLúcia _c55 _dLúcia Elande |
||
| 942 |
_2AGRIS _n0 _cANA |
||
| 999 |
_c191178 _d191178 |
||